| 000 | 00906cab a2200205 4500 | ||
|---|---|---|---|
| 001 | ABS68089 | ||
| 008 | 040818n2004 000 0 eng u | ||
| 035 | _a(Sirsi) u127093 | ||
| 245 | _aFocus: rural architecture | ||
| 260 | _c2004 | ||
| 490 |
_aBuilding Design _v(1635) 23 July 2004, 11-15 (5) |
||
| 520 | _aExamines the role of rural architecture as urban strategies are being modified to relieve growing pressure on the countryside. As more people move from the towns and push up house prices, rural areas also need more affordable housing. Also examines moves towards a modern rural architecture by looking at three new schemes and the role of local architects in providing for local needs. | ||
| 590 | _aABS | ||
| 650 | _aARCHITECTURE | ||
| 650 | _aRURAL DEVELOPMENT | ||
| 650 | _aRURAL BUILDINGS | ||
| 650 | _aREGENERATION | ||
| 690 | _aBUILT ENVIRONMENT-CONSTRUCTION DESIGN | ||
| 942 | _n0 | ||
| 999 |
_c74504 _d74504 |
||